[Event "1' Festival Int. "USCIAMO DALLO STALLO""]
[Site "?"]
[Date "2021.07.10"]
[Round "3"]
[White "DAMIA , Angelo"]
[Black "DORIC , Senad"]
[Result "1-0"]
[WhiteElo "2270"]
[BlackElo "2082"]
[PlyCount "53"]
[EventDate "2021.07.19"]
[SourceDate "2021.02.21"]

1. e4 e5 2. Nc3 Bc5 3. Bc4 Nf6 4. d3 d6 5. Na4 Nbd7 6. Nxc5 Nxc5 7. Ne2 d5 8.
exd5 Nxd5 9. O-O Nb6 10. Be3 Qd6 11. Bb3 Nxb3 12. axb3 O-O 13. Bxb6 Qxb6 14.
Qd2 Bg4 15. Ra4 Bd7 16. Rb4 Qg6 17. f4 Bc6 18. Ng3 Qd6 19. Nf5 Qc5+ 20. Kh1
Rfe8 21. Rc4 Qd5 22. Re4 Rad8 23. Rxe5 Rxe5 24. fxe5 Kh8 25. Qg5 Rg8 26. Ne7
Qd8 27. Rxf7 1-0

[Event "1' Festival Int. "USCIAMO DALLO STALLO""]
[Site "?"]
[Date "2021.07.10"]
[Round "2"]
[White "SKRIJELJ , Edin"]
[Black "RECCHI , Antonio"]
[Result "0-1"]
[WhiteElo "1554"]
[BlackElo "1752"]
[PlyCount "58"]
[EventDate "2021.02.21"]
[SourceDate "2021.02.21"]

1. e4 c5 2. Nc3 Nc6 3. g3 e6 4. Bg2 Nf6 5. f4 h5 6. Nh3 d5 7. e5 Ng4 8. O-O c4
9. d4 cxd3 10. Qxd3 Bc5+ 11. Kh1 a6 12. a3 b5 13. b4 Ba7 14. Bb2 Ne3 15. Rf3
Nc4 16. Bc1 Bb7 17. Rf1 Rc8 18. Ng5 Qd7 19. Bh3 Rh6 20. f5 N6xe5 21. fxe6 fxe6
22. Qe2 Ng4 23. Bxg4 hxg4 24. Rf7 Qc6 25. Rxg7 Ne3 26. Bxe3 Qxc3 27. Rxb7 Qxa1+
28. Kg2 Bxe3 29. Qxe3 Rxc2+ 0-1